कठोपनिषद / (Record no. 201936)

MARC details
000 -LEADER
fixed length control field 00618nam a22001817a 4500
005 - DATE AND TIME OF LATEST TRANSACTION
control field 20240404154847.0
010 ## - LCCN (DPL NO)
LC control number HIN-127267
020 ## - INTERNATIONAL STANDARD BOOK NUMBER
International Standard Book Number 97893892452219
Terms of availability 1000.00
035 ## - SYSTEM CONTROL NUMBER
System control number HN-99613
037 ## - SOURCE OF ACQUISITION
Source of stock number/acquisition DBAD/PUB.
082 ## - DEWEY DECIMAL CLASSIFICATION NUMBER
Classification number 181.499
100 ## - MAIN ENTRY--PERSONAL NAME
Personal name ओशो
245 ## - TITLE STATEMENT
Title कठोपनिषद /
Remainder of title ओशो
260 ## - PUBLICATION, DISTRIBUTION, ETC. (IMPRINT)
Place of publication, distribution, etc दिल्ली
Name of publisher, distributor, etc अकलंक पब्लिकेशन
Date of publication, distribution, etc 2020
270 ## - ADDRESS
Address 3622 मोरी गेट
City दिल्ली
Postal code 110006
300 ## - PHYSICAL DESCRIPTION
Extent 382पृ;
Dimensions 22 सेमी (सजिल्द)
942 ## - ADDED ENTRY ELEMENTS (KOHA)
Institution code [OBSOLETE] dpl
Item type Hindi Books
Source of classification or shelving scheme Dewey Decimal Classification
Classification part 181.499
Call number suffix कठोप
Holdings
Withdrawn status Lost status Not for loan Collection code Home library Current library Date acquired Source of acquisition Cost, normal purchase price Full call number Barcode Copy number Cost, replacement price Koha item type
      Non-fiction Bawana Bawana 04/04/2024 DBAD 1000.00 181.499 कठोप HN-99613 1 1000.00 Hindi Books

© Delhi Public Library
Hit Counter
free hit counter